Statistiques concernant Paroles Le drapeau-Capitaine Samouraï Flower

Cliquez ici pour prendre le quiz!

Statistiques générales

  • Ce quiz a été pris 5 fois
  • Le résultat moyen est 154 sur 256

Statistiques - réponses

Réponse% Correct
drapeau
100%
Il
100%
le
100%
à
75%
a
75%
capitaine
75%
champ
75%
couleur
75%
de
75%
et
75%
Et
75%
faire
75%
Flower
75%
guerre
75%
même
75%
ni
75%
nos
75%
n'y
75%
qu'une
75%
Samouraï
75%
Sur
75%
Tous
75%
aujourd'hui
50%
aujourd"hui
50%
aussi
50%
Avec
50%
avec
50%
bataille
50%
d'amour
50%
dans
50%
des
50%
du
50%
emblème
50%
erreurs
50%
fleur
50%
fleurs
50%
ha
50%
moi
50%
monde
50%
oh
50%
Oh
50%
on
50%
Que
50%
Qui
50%
qui
50%
Sans
50%
tes
50%
Un
50%
un
50%
une
50%
armes
25%
arrive
25%
batailles
25%
Chants
25%
Cherche
25%
couronne
25%
d'autres
25%
dérives
25%
Eh
25%
eh
25%
étoile
25%
Flotte
25%
l'air
25%
l'armée
25%
lendemain
25%
meilleur
25%
ohoho
25%
pas
25%
Prends
25%
prends
25%
rêve
25%
signal
25%
soin
25%
vainqueur
25%

Distribution des résultats

Percentile par nombre de réponses

% des personnes avec chaque résultat

Votre développement - résultats

Vous n’avez pas pris ce quiz